000 00949nam a22003017a 4500
003 CHAP
005 20220329140707.0
008 971013s1979 r 00010 d
010 _a56155
011 _a57127
035 _a61280
040 _cCHAP
082 _a621
_bS4Y 1979
100 0 0 _aShigley, Joseph Edward.
_9105688
245 _aDiseño de ingeniería mecánica
250 _a2 ed.
260 _aMéxico, D.F. :
_bMcGraw-Hill,
_c1979
300 _a783 p.
_b: ilus. ; gráfs.
590 _aBATCH-UPD
_b10
_c20130110
_lUCH01
_h1955
590 _aBATCH-UPD
_b10
_c20130410
_lUCH01
_h1316
590 _aBATCH-UPD
_b10
_c20130914
_lUCH01
_h1641
590 _aCONVERSION
_b10
_c20130109
_lUCH01
_h1330
650 1 4 _aIngeniería mecánica.
_958260
901 _aBK
942 _cLIBRO
949 _a621 S4Y 1979
_bBC
_cLIBRO
_d33724000657888
_eLIBRO
_fc.2
_h58191
_i61280
_si
949 _a621 S4Y 1979
_bBC
_cLIBRO
_d33724000663654
_eLIBRO
_h58190
_i61280
_si
999 _c56155
_d56155